000 00385nam a2200169Ia 4500
001 26183
003 IN-NITTTR
005 20251114233330.0
008 251113s9999||||xx |||||||||||||| ||eng||
040 _beng
040 _cIN-NITTTR
041 _aeng
082 _a954.552 G93P
100 _aGupta, S. P.
245 4 _aThe Punjab :
_b an overview /
_cGupta, S. P.
942 _2ddc
_cBK
999 _c28812
_d28812